000 00815cam a22002531 4500
001 6104458
003 ARRUPE
005 20150529105543.0
008 750501s1963 xx 000 0 eng
010 _a 63012848
035 _a(OCoLC)1307482
040 _aDLC
_cFM
_dDLC
042 _apremarc
050 0 0 _aAZ221
_b.G6
082 _a007
100 1 _aGood, Irving John (ed.)
_917721
245 1 4 _aThe scientist speculates:
_ban anthology of partly-baked ideas.
_cAssociate editor: Alan James Mayne; biology editor: John Maynard Smith.
260 _aNew York,
_bBasic Books
_c[1963, c1962]
300 _a 413 p.
_billus.
_c22 cm.
650 0 _aLearning and scholarship.
_913007
700 _aMayne, ,Alan James
_eed.
_917939
906 _a7
_bcbc
_coclcrpl
_du
_encip
_f19
_gy-gencatlg
942 _2lcc
_cMONOGRAPH
999 _c122815
_d122815